000 00686nam a2200289Ia 4500
001 Z_3353
003 CHAP
008 220113s1974 xx 000 0 und d
010 _a166464
040 _cCHAP
082 _a574.192 G7
100 _aGreengard, Olga
_9140539
245 _aBiochemical bases of the development of physiological functions /
_cby Olga Greengard
260 _aLondon :
_bS. Karger,
_c1974
300 _a380 p. ; ilus.
440 _a
500 _a
503 _a
650 _aBioquímica
_912849
650 _aQuímica
_xReacciones
_993572
901 _a574.192 G7
902 _aA
910 _a1974
942 _c1
942 _cc1
999 _c166464
_d166464